|
|
|
|
| LEADER |
03449nam a2200673 4500 |
| 001 |
ocn868150860 |
| 003 |
OCoLC |
| 005 |
20170124070306.2 |
| 006 |
m o d |
| 007 |
cr ||||||||||| |
| 008 |
140113s2014 nju o 001 0 eng |
| 010 |
|
|
|a 2014001132
|
| 040 |
|
|
|a DLC
|b eng
|e rda
|c DLC
|d YDX
|d N$T
|d DG1
|d YDXCP
|d E7B
|d RECBK
|d OCLCF
|d TEFOD
|d COO
|d DEBBG
|d GrThAP
|
| 020 |
|
|
|a 9781118899281
|q electronic bk.
|
| 020 |
|
|
|a 1118899288
|q electronic bk.
|
| 020 |
|
|
|a 9781118899229
|q electronic bk.
|
| 020 |
|
|
|a 1118899229
|q electronic bk.
|
| 020 |
|
|
|a 9781118899168
|q electronic bk.
|
| 020 |
|
|
|a 1118899164
|q electronic bk.
|
| 020 |
|
|
|z 9781118639788 (hardback)
|
| 020 |
|
|
|a 1118639782
|
| 020 |
|
|
|a 9781118639788
|
| 029 |
1 |
|
|a AU@
|b 000053336557
|
| 029 |
1 |
|
|a GBVCP
|b 790211556
|
| 029 |
1 |
|
|a DEBBG
|b BV043396475
|
| 035 |
|
|
|a (OCoLC)868150860
|
| 037 |
|
|
|a D1D499E6-6C36-4DF3-9C0F-585C97E7A915
|b OverDrive, Inc.
|n http://www.overdrive.com
|
| 042 |
|
|
|a pcc
|
| 050 |
0 |
0 |
|a RA566.29
|
| 072 |
|
7 |
|a POL
|x 027000
|2 bisacsh
|
| 072 |
|
7 |
|a POL
|x 019000
|2 bisacsh
|
| 082 |
0 |
0 |
|a 362.1
|2 23
|
| 084 |
|
|
|a SCI013040
|2 bisacsh
|
| 049 |
|
|
|a MAIN
|
| 100 |
1 |
|
|a Phillips, Jack J.,
|d 1945-
|e author.
|
| 245 |
1 |
0 |
|a Measuring ROI in environment, health, and safety :
|b a guide to evaluating EHS programs, with cases studies /
|c Jack J. Phillips, Patricia Phillips, and Al Pulliam, ROI Institute.
|
| 264 |
|
1 |
|a Hoboken, New Jersey ;
|a Salem, Massachusetts :
|b Wiley-Scrivener,
|c 2014.
|
| 300 |
|
|
|a 1 online resource.
|
| 336 |
|
|
|a text
|2 rdacontent
|
| 337 |
|
|
|a computer
|2 rdamedia
|
| 338 |
|
|
|a online resource
|2 rdacarrier
|
| 520 |
|
|
|a "Within an organization, the responsibilities for environment, health, and safety are often under the direction of the same executive team in an organization. This new book shows how to measure the success of all types of programs and projects involving environment initiatives, health related programs for employees and citizens, and various safety programs in all types of settings. It also explains how to report results by using a step-by-step approach"--
|c Provided by publisher.
|
| 520 |
|
|
|a "This new book shows how to measure the success of all types of programs and projects involving environment initiatives, health related programs for employees and citizens, and various safety programs in all types of settings. It also explains how to report results by using a step-by-step approach"--
|c Provided by publisher.
|
| 500 |
|
|
|a Includes index.
|
| 588 |
|
|
|a Description based on print version record and CIP data provided by publisher.
|
| 650 |
|
0 |
|a Environmental health
|x Planning.
|
| 650 |
|
0 |
|a Health promotion
|x Evaluation.
|
| 650 |
|
0 |
|a Environmental engineering.
|
| 650 |
|
7 |
|a SCIENCE / Chemistry / Organic.
|2 bisacsh
|
| 650 |
|
7 |
|a Environmental engineering.
|2 fast
|0 (OCoLC)fst00912934
|
| 650 |
|
7 |
|a Environmental health
|x Planning.
|2 fast
|0 (OCoLC)fst00913023
|
| 650 |
|
7 |
|a Health promotion
|x Evaluation.
|2 fast
|0 (OCoLC)fst00953202
|
| 655 |
|
4 |
|a Electronic books.
|
| 655 |
|
0 |
|a Electronic books.
|
| 700 |
1 |
|
|a Phillips, Patricia Pulliam,
|e author.
|
| 700 |
1 |
|
|a Pulliam, Al,
|e author.
|
| 776 |
0 |
8 |
|i Print version:
|a Phillips, Jack J., 1945- author.
|t Measuring ROI in environment, health, and safety
|d Hoboken, New Jersey : Wiley-Scrivener, 2014
|z 9781118639788
|w (DLC) 2013051310
|
| 856 |
4 |
0 |
|u https://doi.org/10.1002/9781118899281
|z Full Text via HEAL-Link
|
| 994 |
|
|
|a 92
|b DG1
|